000 00687nam a2200217 a 4500
999 _c1638
_d1638
001 1638
003 BD-JhCC
005 20171022185713.0
008 171022s1967 b ||||| |||| 00| 0 b d
035 _a(BD-JhCC)1638
040 _aBD-JhCC
_dBD-JhCC
041 _aben
082 _223
_a891.4435
_bUDD 1967
100 _aউদ্দীন, আকবর
245 _aঅসমাপ্ত কাহিনী ও অন্যান্য গল্প /
_cআকবর উদ্দীন
260 _aঢাকা :
_bষ্টুডেন্ট ওয়েজ,
_c১৯৬৭
300 _a176 p. :
_c22cm.
650 _aBengali Short stories
942 _2ddc
_cBK